| 000 | 00375nam a2200121 4500 | ||
|---|---|---|---|
| 999 |
_c10592 _d10592 |
||
| 008 | 180907b ||||| |||| 00| 0 eng d | ||
| 100 |
_931000 _aMercurio, Richmond |
||
| 245 |
_aBright prospects for Phl property investments/ _cRichmond Mercurio |
||
| 260 |
_aPhilippines _bThe Philippine Star _cc2017 |
||
| 300 | _apage B7. | ||
| 650 | 0 |
_931001 _aInvestments. |
|
| 942 |
_2ddc _cPER |
||